000 01218nam a22002897a 4500
005 20160808125247.0
008 130314s2011 ck ab gr 00010 spa d
020 _a9789588343587
040 _aCO-BoIAVH
_cCO-BoIAVH
041 0 _aspa
043 _as-ck---
044 _ack
082 0 4 _a363.8
_bL84a
100 1 _aLondoño Zárate, Carolina.
245 1 0 _aAgenda temática para la conservación y uso sostenible de parientes silvestres de cultivos de importancia para la alimentación en Colombia :
_bestrategia nacional para la conservación de plantas /
_cCarolina Londoño Zárate ; revisión Hernando García.
260 _aBogotá :
_bMinisterio de Ambiente, Vivienda y Desarrollo Territorial :
_bInstituto Humboldt,
_c2011.
300 _a60 p. :
_bil., mapa ;
_c21 cm.
504 _aIncluye bibliografía.
650 4 _aAbastecimiento de alimentos
_z Colombia.
650 4 _aAgricultura
_z Colombia.
650 4 _aSeguridad alimenticia
_z Colombia.
650 4 _aProducción alimenticia
_z Colombia.
650 4 _aDiversidad biológica
_z Colombia.
700 1 _aGarcía, Hernando
_erev.
942 _2ddc
_cLIBRO
_02
949 _a
999 _c7343
_d7343